000 00435nam a22001217a 4500
003 SGT
082 _a301.2
_bH15B
100 _aभागवत, मोहनराव
245 _aहिंदुत्व : सामाजिक समरसत्ता : जैन, बौद्ध और सिखधर्मों का सार
260 _bसुरुचि प्रकाशन
_c2015
300 _a125
942 _2ddc
_cBK
999 _c29581
_d29581